The miracle of the cross: (Record no. 7564)

000 -LEADER
fixed length control field 00584nam a2200181 a 4500
001 - CONTROL NUMBER
control field :::00005325$&:&@@
003 - CONTROL NUMBER IDENTIFIER
control field OkBaRHE
005 - DATE AND TIME OF LATEST TRANSACTION
control field 20000607103325.0
008 - FIXED-LENGTH DATA ELEMENTS--GENERAL INFORMATION
fixed length control field s1954 j 000 0 eng u
040 ## - CATALOGING SOURCE
Transcribing agency
100 1# - MAIN ENTRY--PERSONAL NAME
Personal name Brown, Robert R., 1910-
245 14 - TITLE STATEMENT
Title The miracle of the cross:
Remainder of title the story of the centurion.
260 ## - PUBLICATION, DISTRIBUTION, ETC. (IMPRINT)
Place of publication, distribution, etc Westwood, NJ., :
Name of publisher, distributor, etc Fleming H. Revell Co.
Date of publication, distribution, etc c1954
300 ## - PHYSICAL DESCRIPTION
Extent 124 p. ;
Dimensions 20 cm.
650 ## - SUBJECT ADDED ENTRY--TOPICAL TERM
Topical term or geographic name as entry element Jesus Christ
General subdivision Seven Last Words
942 ## - ADDED ENTRY ELEMENTS (KOHA)
Source of classification or shelving scheme
Koha item type Books
Copies
Barcode Price effective from Source of classification or shelving scheme Full call number Damaged status Date last seen Lost status Date acquired Not for loan Koha item type Withdrawn status Copy number Shelving location Permanent Location
53252010-04-14 BT 456 .B75 2010-04-14 2010-04-14 Books 1General StacksRHEMA Bible Training College